000 nam a22 7a 4500
999 _c29277
_d29277
008 171124b xxu||||| |||| 00| 0 eng d
020 _a9780521294140
050 _aP 306.2 .L48 2013
100 _aLevinson, Stephen C.
_d2013.
245 _aPragmatics /
_cStephen, Levinson C.
250 _a1st ed.
260 _aUSA:
_bCambridge University press,
_c2013.
300 _axvi, 426p.
_bincludes bibliographical references and index.
_c24cm
650 _aLanguage
942 _2lcc
_cBOOKS
_hP 306.2 .L48 2013